دور استراتيجيات مواجهة الضغوط والمساندة الاجتماعية فِي تعديل العلاقة بين الشعور بالوصمة وأعراض اضطراب التوافق لدى المنتكسين والمتعافين من الاعتماد على المواد النفسية / (رقم التسجيلة. 178654)

تفاصيل مارك
000 -LEADER
fixed length control field 04857namaa22004091i 4500
003 - CONTROL NUMBER IDENTIFIER
control field OSt
005 - أخر تعامل مع التسجيلة
control field 20260404132002.0
008 - FIXED-LENGTH DATA ELEMENTS--GENERAL INFORMATION
fixed length control field 250827s2025 ua a|||frm||| 000 0 eng d
040 ## - CATALOGING SOURCE
Original cataloguing agency EG-GICUC
Language of cataloging ara
Transcribing agency EG-GICUC
Modifying agency EG-GICUC
Description conventions rda
041 0# - LANGUAGE CODE
Language code of text/sound track or separate title ara
Language code of summary or abstract ara
-- eng
049 ## - Acquisition Source
Acquisition Source إيداع
082 04 - DEWEY DECIMAL CLASSIFICATION NUMBER
Classification number 150
092 ## - LOCALLY ASSIGNED DEWEY CALL NUMBER (OCLC)
Classification number 150
Edition number 21
097 ## - Degree
Degree دكتـــــوراه‎
099 ## - LOCAL FREE-TEXT CALL NUMBER (OCLC)
Local Call Number Cai01.02.11.Ph.D.2025.سا.د
100 0# - MAIN ENTRY--PERSONAL NAME
Authority record control number or standard number ،سَاره مَحمود حسين محمد
Preparation إعداد.
245 10 - TITLE STATEMENT
Title دور استراتيجيات مواجهة الضغوط والمساندة الاجتماعية فِي تعديل العلاقة بين الشعور بالوصمة وأعراض اضطراب التوافق لدى المنتكسين والمتعافين من الاعتماد على المواد النفسية /
Statement of responsibility, etc. إعداد سَاره مَحمود حسين محمد؛ إشراف أ.د/ شعبان جاب الله رضوان.
246 15 - VARYING FORM OF TITLE
Title proper/short title The role of coping strategies and social support in moderating the relation between stigma and symptoms of adjustment disorder among relapsing and recovered from dependence on psychoactive substances /
264 #0 - PRODUCTION, PUBLICATION, DISTRIBUTION, MANUFACTURE, AND COPYRIGHT NOTICE
Date of production, publication, distribution, manufacture, or copyright notice 2025.
300 ## - PHYSICAL DESCRIPTION
Extent 215 ورقة :
Other physical details إيضاحيات ؛
Dimensions 25 سم. +
Accompanying material CD.
336 ## - CONTENT TYPE
Content type term text
Source rda content
337 ## - MEDIA TYPE
Media type term Unmediated
Source rdamedia
338 ## - CARRIER TYPE
Carrier type term volume
Source rdacarrier
502 ## - DISSERTATION NOTE
Dissertation note أطروحة (دكتوراه)-جامعة القاهرة، 2025.
504 ## - BIBLIOGRAPHY, ETC. NOTE
Bibliography, etc. note ببليوجرافيا: صفحات 176-207.
520 ## - SUMMARY, ETC.
Summary, etc. هدفت الدراسةُ الراهنةُ إلى الكشف عن دور استراتيجيات مواجهة الضغوط والمساندة الاجتماعية فِي تعديل العلاقة بين الشعور بالوصمة والتوافق لدى المنتكسين والمتعافين من الاعتماد على المواد النفسية. وتكونت العينة من مجموعتين رئيستين؛ مجموعة المتعافين والمنتكسين من الاعتماد على المواد النفسية، وأسفرت نتائج الدراسة عن وجود علاقة بين كل من الشعور بالوصمة والتوافق، واستراتيجيات مواجهة الضغوط والتوافق، والمساندة الاجتماعية والتوافق وذلك لدى المنتكسين والمتعافين من الاعتماد على المواد النفسية، كما تُؤدي استراتيجيات مواجهة الضغوط و المساندة الاجتماعية دورًا معدلًا بين الشعور بالوصمة والتوافق لدى المنتكسين والمتعافين من الاعتماد على المواد النفسية، وتوجد فروق بين المنتكسين والمتعافين من الاعتماد على المواد النفسية في كل من استراتيجيات المواجهة السلبية والشعور بالوصمة ومظاهر اضطراب التوافق(في اتجاه المنتكسين) وفي واستراتيجيات المواجهة الإيجابية والمساندة الاجتماعية (في اتجاه المتعافين).
520 ## - SUMMARY, ETC.
Summary, etc. The study aimes to exameined The Role of Coping Strategies and Social Support in Moderating the Relation between Stigma and Adjustment among Relapsing and Recovered from Dependence on Psychoactive Substances. The sample included two main groups the relapsed group and the recovered group from the dependence on psychoactive substances. The results showed correlation between Stigma and Adjustment and Coping Strategies and Adjustment and Social Support, Adjustment and that is among patients who relapsed and patients who recovered from the dependence on psychoactive substances.It also showed of Coping Strategies and Social Support Moderation The Relationship Between Stigma and Adjustment for both groups, There are also differences between Relapses and Those Recovering From Dependence On Psychological Substances. The relapsed group showed negative coping strategies and feelings of stigma where the recovered group showed positive coping strategies, social support and adjustment.
530 ## - ADDITIONAL PHYSICAL FORM AVAILABLE NOTE
Issues CD صدر أيضًا كقرص مدمج.
546 ## - LANGUAGE NOTE
Text Language النص بالعربية والملخص باللغة الإنجليزية والعربية.
650 #7 - SUBJECT ADDED ENTRY--TOPICAL TERM
Topical term or geographic name entry element علم النفس
Source of heading or term qrmak
653 #0 - INDEX TERM--UNCONTROLLED
Uncontrolled term استراتيجيات مواجهة الضغوط
-- المساندة الاجتماعية
-- الشعور بالوصمة
700 0# - ADDED ENTRY--PERSONAL NAME
Personal name شعبان جاب الله رضوان
Relator term مشرف أطروحة.
900 ## - Thesis Information
Grant date 15-02-2025
Supervisory body شعبان جاب الله رضوان
Discussion body عزة عبد الكريم فرج
-- هناء أحمد شويخ
Universities جامعة القاهرة
Faculties كلية الآداب
Department قسم علم النفس
905 ## - Cataloger and Reviser Names
Cataloger Name Sara Salah
Reviser Names Afaf
942 ## - ADDED ENTRY ELEMENTS (KOHA)
Source of classification or shelving scheme Dewey Decimal Classification
Koha item type Thesis
Edition 21
Suppress in OPAC No
المقتنيات
Source of classification or shelving scheme Home library Current library Date acquired Inventory number Full call number Barcode Date last seen Effective from Koha item type
Dewey Decimal Classification المكتبة المركزبة الجديدة - جامعة القاهرة قاعة الرسائل الجامعية - الدور الاول 23.02.2026 33009 Cai01.02.11.Ph.D.2025.سا.د 01010100033009000 23.02.2026 23.02.2026 Thesis
Cairo University Libraries Portal Implemented & Customized by: Eng. M. Mohamady Contacts: new-lib@cl.cu.edu.eg | cnul@cl.cu.edu.eg
CUCL logo CNUL logo
© All rights reserved — Cairo University Libraries
CUCL logo
Implemented & Customized by: Eng. M. Mohamady Contact: new-lib@cl.cu.edu.eg © All rights reserved — New Central Library
CNUL logo
Implemented & Customized by: Eng. M. Mohamady Contact: cnul@cl.cu.edu.eg © All rights reserved — Cairo National University Library